000 00417nam a2200157 i 4500
001 bg
100 1 _aCZERNY, Jan
245 0 _aPrzepisy i normy dla grup robót instalacji sanitarnych /
_cJan Czerny, Edward Radziszewski.
260 _aWarszawa,
_c1971.
700 1 _aRADZISZEWSKI, Edward
040 _cBPK
041 _apol
080 _a69.001.3:628
942 _cKS
008 s pl f |000 0 pol
999 _c26149
_d26149
856 _uhttp://koha.tu.koszalin.pl/cgi-bin/koha/opac-detail.pl?biblionumber=26149
_yKatalog online BPK